| 000 | 00810nam a2200277Ia 4500 | ||
|---|---|---|---|
| 003 | OSt | ||
| 005 | 20221006151415.0 | ||
| 006 | a|||||r|||| 00| 0 | ||
| 007 | ta | ||
| 008 | 221006b |||||||| |||| 00| 0 eng d | ||
| 020 |
_cHK _25.00 |
||
| 024 | _a21,973 | ||
| 037 | _cTextual | ||
| 040 |
_aEASL _cEASL _beng |
||
| 041 |
_2eng _aeng |
||
| 082 | _az49Fw41y2.N0, L0 | ||
| 100 |
_aRYDINGS H. Anthony Rydings _9659102 |
||
| 245 | 0 | _aDirectory of current research on Asian studies in Hong Kong 1969-1970 | |
| 260 |
_aHong Kong _bCentre of Asian Studies _c1970 |
||
| 300 |
_a133p. _ccm. |
||
| 490 | _v RR | ||
| 650 | _aCEL | ||
| 700 |
_a CHILDE Nellie _9659103 |
||
| 942 |
_hz49Fw41y2.N0, L0 _cTEXL _2CC |
||
| 999 |
_c1090059 _d1090059 |
||